ANC and rainbow state of south africa / (Record no. 139563)

MARC details
000 -LEADER
fixed length control field 00523nam a22001817a 4500
005 - DATE AND TIME OF LATEST TRANSACTION
control field 20170509144055.0
010 ## - LCCN (DPL NO)
LC control number ENG-117819
020 ## - INTERNATIONAL STANDARD BOOK NUMBER
International Standard Book Number 9789383838950
Terms of availability 795.00
035 ## - SYSTEM CONTROL NUMBER
System control number EN-101351
037 ## - SOURCE OF ACQUISITION
Source of stock number/acquisition DBAD/PUB
082 ## - DEWEY DECIMAL CLASSIFICATION NUMBER
Classification number 320.968
100 ## - MAIN ENTRY--PERSONAL NAME
Personal name Pareek, Sunita
245 ## - TITLE STATEMENT
Title ANC and rainbow state of south africa /
Statement of responsibility, etc by Sunita Pareek
260 ## - PUBLICATION, DISTRIBUTION, ETC. (IMPRINT)
Place of publication, distribution, etc New Delhi
Name of publisher, distributor, etc Shivalik Prakashan
Date of publication, distribution, etc 2014
270 ## - ADDRESS
Address 27/16, Shakti Nagar Delhi-110007
300 ## - PHYSICAL DESCRIPTION
Extent 236p
Dimensions 22cm.(Hb)
942 ## - ADDED ENTRY ELEMENTS (KOHA)
Source of classification or shelving scheme Dewey Decimal Classification
Item type English Books
Classification part 320.968
Call number suffix PAR
Holdings
Withdrawn status Lost status Not for loan Collection code Home library Current library Date acquired Source of acquisition Cost, normal purchase price Full call number Barcode Copy number Cost, replacement price Koha item type
      Non-fiction Sarojini Nagar Sarojini Nagar 08/05/2017 DBAD/PUB 795.00 320.968 PAR EN-101351 1 795.00 English Books

© Delhi Public Library
Hit Counter
free hit counter